000
00296nam a2200121Ia 4500
008
220204s9999 xx 000 0 und d
082
_a
057
_b
GRA
100
_a
GRAUBARO, Mark
245
0
_a
Foundations of lifescience
260
_a
New Jersey
_b
Van Nostrand
650
_a
Life science
942
_c
BK
999
_c
20945
_d
20945